000 01082nam a22002777a 4500
005 20170728104822.0
010 _aBAC-EN21 ENG-111950
020 _a9789383260973
_c1295.00
035 _aEN-95482
035 _aB-580693-702
035 _aB-667337
037 _adpl
_bAakar/Ven
037 _aDBAD/PUB
082 _a769.56954
100 _aVerghese, B.G.
245 _aPost haste :
_cby B.G. Verghese
_bquintessential India /
260 _aNew Delhi
_bTranquebar Press
_c2014
270 _a93, Ist Floor, Sham Lal Road, Daryaganj
_bNew Delhi
_e110002
300 _aix,372p. :
_bcol. ill.
_c23cm(pbk)
500 _a Includes bibliographical references (pages 330-331) and index.
650 _a Postage stamps
_zIndia.
650 _a Postage stamps
_zIndia.
_xHistory
942 _2ddc
_cEN
_mVER
_h769.56954
999 _c88954
_d88954